| 000 | 00684cam a2200193 i 4500 | ||
|---|---|---|---|
| 005 | 20251210114548.0 | ||
| 008 | 250721s1996 jo gr 000 0 ara d | ||
| 082 | 1 | 4 |
_a216.25 _bس ل ى |
| 100 | 1 |
_aالسليمان، فوزي _eمؤلف. |
|
| 245 | 1 | 2 |
_aالعمرة : _bنسك و أداء من بيتك إلى بيت الله الحرام و العودة / _cاعداد وتنفيذ فوزي سليمان. |
| 250 | _aالطبعه الاولى. | ||
| 264 | 3 |
_aعمان : _c1996. |
|
| 300 | _a64صفحه. | ||
| 650 | 1 | 7 | _aالفقه الإسلامي. |
| 650 | 1 | 7 | _aالشعائر الدينية. |
| 650 | 1 | 7 | _aالعمرة. |
| 942 |
_2ddc _cBK |
||
| 999 |
_c28803 _d28803 |
||